00321nam a2200109Ia 4500008004000000020001800040082001900058100002100077245006200098260004000160300001100200210210b2000 xxu||||| |||| 00| 0 eng d a81 7371 281 6 a001.64404 NAUB aNAUGHTON (John). aBrief history of the future: the origins of the internet. aHyderabadbUniversities Pressc2000 axv,320